[Event "Rennes op 03th"]
[Site "Rennes"]
[Date "2010.07.19"]
[Round "4.2"]
[White "Lejarre, Ludovic"]
[Black "Colin, Vincent"]
[Result "1/2-1/2"]
[WhiteElo "2385"]
[BlackElo "2425"]
[PlyCount "40"]
[EventDate "2010.07.??"]
[EventType "swiss"]
[EventRounds "9"]
[EventCountry "FRA"]
[WhiteTeamCountry "FRA"]
[BlackTeamCountry "FRA"]

1. e4 c5 2. Nf3 Nc6 3. Nc3 g6 4. d4 cxd4 5. Nxd4 Bg7 6. Be3 Nf6 7. Bc4 O-O 8.
Bb3 d6 9. h3 Na5 10. Qd2 Nxb3 11. axb3 d5 12. e5 Ne4 13. Nxe4 dxe4 14. Bf4 Qb6
15. Qe3 f6 16. Qxe4 fxe5 17. Bxe5 Bf5 18. Qe3 Bxe5 19. Qxe5 Bxc2 20. Qe3 Qb4+
1/2-1/2

[Event "Rennes op 03th"]
[Site "Rennes"]
[Date "2010.07.19"]
[Round "4.3"]
[White "Mladenov, Plamen"]
[Black "Karpatchev, Aleksandr"]
[Result "0-1"]
[WhiteElo "2363"]
[BlackElo "2476"]
[PlyCount "32"]
[EventDate "2010.07.??"]
[EventType "swiss"]
[EventRounds "9"]
[EventCountry "FRA"]
[WhiteTeamCountry "FRA"]
[BlackTeamCountry "FRA"]

1. d4 d5 2. Nf3 Nf6 3. c4 dxc4 4. Nc3 Nc6 5. e4 Bg4 6. d5 Ne5 7. Bf4 Ng6 8. Bg3
e5 9. dxe6 Qxd1+ 10. Rxd1 fxe6 11. Bxc4 Bb4 12. Rd3 Nxe4 13. Nd4 O-O-O 14. f3
Nxg3 15. hxg3 Ne5 16. Ke2 Nxc4 0-1

[Event "Rennes op 03th"]
[Site "Rennes"]
[Date "2010.07.19"]
[Round "4.4"]
[White "Okhotnik, Vladimir"]
[Black "Spassov, Liuben"]
[Result "0-1"]
[WhiteElo "2467"]
[BlackElo "2376"]
[PlyCount "68"]
[EventDate "2010.07.??"]
[EventType "swiss"]
[EventRounds "9"]
[EventCountry "FRA"]
[WhiteTeamCountry "FRA"]
[BlackTeamCountry "FRA"]

1. e4 c6 2. Nf3 d5 3. exd5 cxd5 4. Ne5 Nc6 5. d4 Nf6 6. Nc3 g6 7. Be2 Bg7 8.
O-O O-O 9. Bf4 Be6 10. Qd2 Rc8 11. Rfd1 a6 12. h3 Re8 13. Nxc6 Rxc6 14. Be5 Qc8
15. Bd3 Rd8 16. Re1 Bf5 17. Re2 Bxd3 18. cxd3 b5 19. Rae1 Qd7 20. Bf4 e6 21.
Be5 Rdc8 22. Qf4 Qd8 23. g4 b4 24. Nd1 h6 25. h4 Nh7 26. Qg3 a5 27. Bxg7 Kxg7
28. Re5 Rc1 29. g5 hxg5 30. hxg5 Rb1 31. Rf1 Rcc1 32. Qg4 Qc8 33. Kg2 Qc2 34.
Ree1 Qd2 0-1

[Event "Rennes op 03th"]
[Site "Rennes"]
[Date "2010.07.19"]
[Round "4.5"]
[White "Platel, Alexandre"]
[Black "Daurelle, Herve"]
[Result "1/2-1/2"]
[WhiteElo "2237"]
[BlackElo "2239"]
[PlyCount "39"]
[EventDate "2010.07.??"]
[EventType "swiss"]
[EventRounds "9"]
[EventCountry "FRA"]
[WhiteTeamCountry "FRA"]
[BlackTeamCountry "FRA"]

1. e4 c5 2. Nf3 d6 3. Bb5+ Bd7 4. Bxd7+ Qxd7 5. O-O Nc6 6. c3 Nf6 7. d4 Nxe4 8.
d5 Ne5 9. Re1 Nf6 10. Nxe5 dxe5 11. c4 O-O-O 12. Nc3 e6 13. Rxe5 Bd6 14. Re1
exd5 15. Nxd5 Nxd5 16. Qxd5 Rhe8 17. Rxe8 Qxe8 18. Qf5+ Rd7 19. Be3 Qe5 20.
Qxe5 1/2-1/2

[Event "Rennes op 03th"]
[Site "Rennes"]
[Date "2010.07.19"]
[Round "4.6"]
[White "Pytel, Krzysztof"]
[Black "Aubry, Yannis"]
[Result "1-0"]
[WhiteElo "2360"]
[BlackElo "2011"]
[PlyCount "93"]
[EventDate "2010.07.??"]
[EventType "swiss"]
[EventRounds "9"]
[EventCountry "FRA"]
[WhiteTeamCountry "FRA"]
[BlackTeamCountry "FRA"]

1. d4 Nf6 2. Nf3 e6 3. c3 b6 4. Bg5 Bb7 5. Nbd2 d5 6. e3 Be7 7. Bd3 O-O 8. Qc2
h6 9. Bxf6 Bxf6 10. h4 Nd7 11. g4 e5 12. Bh7+ Kh8 13. g5 e4 14. gxf6 Kxh7 15.
fxg7 Kxg7 16. Ng1 c5 17. Ne2 Ba6 18. Nf4 Nf6 19. Qa4 Bc8 20. dxc5 bxc5 21. Nb3
d4 22. cxd4 cxd4 23. Qxd4 Qxd4 24. Nxd4 Bg4 25. Rg1 Kh8 26. Rc1 h5 27. Kd2 Nd7
28. b4 Ne5 29. Rc5 Rfe8 30. Kc3 Rec8 31. Rxc8+ Rxc8+ 32. Kb3 Nc6 33. Nxc6 Rxc6
34. b5 Rc7 35. a4 Rc5 36. Rb1 Kg7 37. Rb2 Rc1 38. a5 Bd1+ 39. Kb4 Ra1 40. b6
axb6 41. axb6 Ra8 42. b7 Rb8 43. Kc5 Kf6 44. Kd6 Kf5 45. Kc7 Rxb7+ 46. Rxb7 Kg4
47. Kd6 1-0

[Event "Rennes op 03th"]
[Site "Rennes"]
[Date "2010.07.19"]
[Round "4.7"]
[White "Quellec, Yannick"]
[Black "Song, Julien"]
[Result "0-1"]
[WhiteElo "1919"]
[BlackElo "2347"]
[PlyCount "72"]
[EventDate "2010.07.??"]
[EventType "swiss"]
[EventRounds "9"]
[EventCountry "FRA"]
[WhiteTeamCountry "FRA"]
[BlackTeamCountry "FRA"]

1. e4 e6 2. d4 d5 3. Nd2 Be7 4. e5 c5 5. c3 Qb6 6. Qg4 g6 7. Bd3 cxd4 8. cxd4
Nc6 9. Ndf3 Nb4 10. Bb1 Bd7 11. Ne2 Bb5 12. Ng5 Nh6 13. Qf3 Nf5 14. O-O Qa6 15.
Re1 h6 16. Bxf5 exf5 17. Nxf7 Kxf7 18. Nf4 Bc6 19. e6+ Kg7 20. Nxg6 Kxg6 21.
Qg3+ Kh7 22. Qh3 Be8 23. Bxh6 Kg6 24. Re5 Rxh6 25. Qxf5+ Kg7 26. Re3 Rf6 27.
Rg3+ Rg6 28. Qe5+ Kg8 29. Re1 Qd6 30. Qf5 Rxg3 31. hxg3 Kg7 32. Qg4+ Bg6 33. f4
Rf8 34. Re5 Nc6 35. f5 Nxe5 36. dxe5 Qc5+ 0-1

[Event "Rennes op 03th"]
[Site "Rennes"]
[Date "2010.07.19"]
[Round "4.8"]
[White "Maulana, Kahfi"]
[Black "Piankov, Evgenij"]
[Result "0-1"]
[WhiteElo "1907"]
[BlackElo "2324"]
[PlyCount "78"]
[EventDate "2010.07.??"]
[EventType "swiss"]
[EventRounds "9"]
[EventCountry "FRA"]
[WhiteTeamCountry "FRA"]
[BlackTeamCountry "FRA"]

1. e4 g6 2. d4 Bg7 3. Nf3 c6 4. Nc3 d5 5. exd5 cxd5 6. Bf4 Nf6 7. Bb5+ Nc6 8.
Ne5 Bd7 9. Nxd7 Qxd7 10. O-O O-O 11. Re1 Rfe8 12. Qd2 a6 13. Bxc6 Qxc6 14. Be5
Rac8 15. Re2 b5 16. a3 Nd7 17. Bxg7 Kxg7 18. Rae1 Qd6 19. Qg5 Nf6 20. Qe5 Qc7
21. h3 e6 22. g4 Qxe5 23. Rxe5 Nd7 24. R5e2 Nb6 25. f4 Red8 26. f5 gxf5 27.
gxf5 exf5 28. Re5 f4 29. Rf1 Nc4 30. Rg5+ Kh6 31. Rxd5 Nxb2 32. Rxf4 Rg8+ 33.
Kh2 Rxc3 34. Rh4+ Kg7 35. Rg4+ Kh8 36. Rh4 Rxc2+ 37. Kh1 Nd3 38. Rdh5 Nf2+ 39.
Kh2 Ne4+ 0-1

[Event "Rennes op 03th"]
[Site "Rennes"]
[Date "2010.07.19"]
[Round "4.9"]
[White "Adrian, Claude"]
[Black "Boukhris-Ferre, Yacine"]
[Result "1/2-1/2"]
[WhiteElo "2292"]
[BlackElo "1975"]
[PlyCount "45"]
[EventDate "2010.07.??"]
[EventType "swiss"]
[EventRounds "9"]
[EventCountry "FRA"]
[WhiteTeamCountry "FRA"]
[BlackTeamCountry "FRA"]

1. c4 Nf6 2. Nc3 g6 3. g3 Bg7 4. Bg2 O-O 5. d4 d6 6. Nf3 Nbd7 7. O-O e5 8. e4
a6 9. Qc2 Rb8 10. Rd1 exd4 11. Nxd4 Ne5 12. c5 Nc6 13. Nxc6 bxc6 14. e5 Nd5 15.
Nxd5 cxd5 16. exd6 c6 17. Qa4 Rb5 18. Be3 Bxb2 19. Rab1 Bf5 20. Rxb2 Rxb2 21.
Qxa6 Qa8 22. Qxa8 Rxa8 23. h3 1/2-1/2

[Event "Rennes op 03th"]
[Site "Rennes"]
[Date "2010.07.19"]
[Round "4.10"]
[White "Le Bail, Arielle"]
[Black "Marzolf, Bruno"]
[Result "1/2-1/2"]
[WhiteElo "1887"]
[BlackElo "2264"]
[PlyCount "86"]
[EventDate "2010.07.??"]
[EventType "swiss"]
[EventRounds "9"]
[EventCountry "FRA"]
[WhiteTeamCountry "FRA"]
[BlackTeamCountry "FRA"]

1. d4 d5 2. c4 Nc6 3. Nf3 Bg4 4. e3 e6 5. Nbd2 Nf6 6. Be2 Be7 7. O-O O-O 8. a3
a5 9. b3 Bf5 10. Bb2 Nd7 11. Rc1 Nb6 12. Ne1 Bf6 13. Bd3 Ne7 14. cxd5 exd5 15.
Bxf5 Nxf5 16. Qc2 Nd6 17. Qxc7 Qxc7 18. Rxc7 a4 19. Nd3 axb3 20. Nxb3 Nbc4 21.
Ra1 Rfc8 22. Rxc8+ Rxc8 23. Rc1 Ra8 24. Ra1 Be7 25. a4 b6 26. Bc3 Ne4 27. Be1
Kf8 28. a5 bxa5 29. Nxa5 Ke8 30. Nb3 Rb8 31. Nbc1 Rb7 32. Ra6 Bd6 33. h3 Kd7
34. Ne2 Rb1 35. Ra7+ Ke8 36. f3 Bg3 37. Nxg3 Nxg3 38. Kf2 Nf5 39. Bb4 Ncxe3 40.
g4 Nd1+ 41. Kg2 Nde3+ 42. Kf2 Nd1+ 43. Kg2 Nde3+ 1/2-1/2

[Event "Rennes op 03th"]
[Site "Rennes"]
[Date "2010.07.20"]
[Round "5.1"]
[White "Colin, Vincent"]
[Black "Bratanov, Zsivko"]
[Result "1-0"]
[WhiteElo "2425"]
[BlackElo "2480"]
[PlyCount "85"]
[EventDate "2010.07.??"]
[EventType "swiss"]
[EventRounds "9"]
[EventCountry "FRA"]
[WhiteTeamCountry "FRA"]
[BlackTeamCountry "FRA"]

1. d4 d5 2. c4 c6 3. Nf3 Nf6 4. Nc3 e6 5. Bg5 Nbd7 6. cxd5 exd5 7. e3 Be7 8.
Bd3 Ne4 9. Bxe7 Qxe7 10. Bxe4 dxe4 11. Nd2 Nf6 12. Qc2 Bf5 13. O-O Bg6 14. Rab1
O-O 15. b4 Nd5 16. Nxd5 cxd5 17. Rfc1 Qe6 18. Qc7 Rab8 19. b5 f6 20. Rc5 Rfc8
21. Qg3 Be8 22. a4 Ra8 23. Rbc1 a6 24. Rc7 Bd7 25. Rxc8+ Rxc8 26. Rxc8+ Bxc8
27. Qc7 axb5 28. axb5 b6 29. Nb1 Bd7 30. Nc3 h5 31. h4 g5 32. hxg5 h4 33. Qd8+
Kf7 34. Qxf6+ Qxf6 35. gxf6 Be6 36. Na4 Kxf6 37. Nxb6 Ke7 38. Na4 Kd6 39. Nc3
Bg4 40. Kh2 Bc8 41. Ne2 Kc7 42. Nf4 Kb6 43. Nxd5+ 1-0

[Event "Rennes op 03th"]
[Site "Rennes"]
[Date "2010.07.20"]
[Round "5.2"]
[White "Karpatchev, Aleksandr"]
[Black "Lejarre, Ludovic"]
[Result "1-0"]
[WhiteElo "2476"]
[BlackElo "2385"]
[PlyCount "73"]
[EventDate "2010.07.??"]
[EventType "swiss"]
[EventRounds "9"]
[EventCountry "FRA"]
[WhiteTeamCountry "FRA"]
[BlackTeamCountry "FRA"]

1. e4 e5 2. Nf3 Nc6 3. Bc4 Nf6 4. d3 Be7 5. O-O O-O 6. Re1 d6 7. a4 Kh8 8. a5
a6 9. h3 Ng8 10. Nc3 f5 11. Nd5 Bf6 12. c3 Bd7 13. b4 Rc8 14. Ra2 fxe4 15. dxe4
Qe8 16. Bf1 Bd8 17. c4 Qg6 18. b5 Nce7 19. Nxe7 Bxe7 20. Nxe5 dxe5 21. Qxd7 Bb4
22. Ree2 Rfd8 23. Qf5 Qd6 24. Bd2 Bxd2 25. Rexd2 Qb4 26. Rxd8 Rxd8 27. Qxe5 Rd1
28. Ra1 Rd2 29. bxa6 bxa6 30. Qxc7 Qb2 31. Re1 Qc3 32. e5 Ra2 33. Re3 Qc1 34.
e6 Ra1 35. e7 Qxf1+ 36. Kh2 Nxe7 37. Qxe7 1-0

[Event "Rennes op 03th"]
[Site "Rennes"]
[Date "2010.07.21"]
[Round "5.3"]
[White "Spassov, Liuben"]
[Black "Mladenov, Plamen"]
[Result "1-0"]
[WhiteElo "2376"]
[BlackElo "2363"]
[PlyCount "55"]
[EventDate "2010.07.??"]
[EventType "swiss"]
[EventRounds "9"]
[EventCountry "FRA"]
[WhiteTeamCountry "FRA"]
[BlackTeamCountry "FRA"]

1. d4 Nf6 2. c4 g6 3. Nc3 d5 4. Bf4 Bg7 5. e3 O-O 6. cxd5 Nxd5 7. Nxd5 Qxd5 8.
Bxc7 Nc6 9. Ne2 Bg4 10. f3 Rac8 11. Nc3 Qe6 12. Bf4 Nxd4 13. fxg4 Rfd8 14. Bd3
Nc6 15. Qb1 Nb4 16. Be2 Rxc3 17. bxc3 Bxc3+ 18. Kf2 Rd2 19. Rd1 Nd3+ 20. Kf1
Nxf4 21. Rxd2 Qxe3 22. Rd8+ Kg7 23. Bc4 Nh3 24. gxh3 Qxh3+ 25. Ke2 Qxh2+ 26.
Kd1 Qe5 27. Bxf7 Bxa1 28. Bc4 1-0

[Event "Rennes op 03th"]
[Site "Rennes"]
[Date "2010.07.21"]
[Round "5.4"]
[White "Milchev, Nikolay"]
[Black "Le Marec, Simon"]
[Result "1-0"]
[WhiteElo "2360"]
[BlackElo "2095"]
[PlyCount "93"]
[EventDate "2010.07.??"]
[EventType "swiss"]
[EventRounds "9"]
[EventCountry "FRA"]
[WhiteTeamCountry "FRA"]
[BlackTeamCountry "FRA"]

1. c4 e5 2. g3 Nf6 3. Bg2 d5 4. cxd5 Nxd5 5. d3 Be7 6. Nf3 Nc6 7. O-O Be6 8.
Nbd2 O-O 9. Nc4 f6 10. a3 Nb6 11. Nxb6 axb6 12. Bd2 Na5 13. Rc1 Nb3 14. Rc3
Nxd2 15. Nxd2 c6 16. b4 b5 17. e3 Qd7 18. f4 exf4 19. gxf4 Bd8 20. d4 Re8 21.
Kh1 Bb6 22. Ne4 Bd5 23. Ng3 Rad8 24. Rf2 Bxg2+ 25. Kxg2 f5 26. Qf3 Qd5 27.
Qxd5+ Rxd5 28. Kf3 g6 29. Ne2 Kf7 30. Nc1 Rd7 31. Ra2 Rde7 32. Nb3 Rd7 33. a4
Ra8 34. a5 Ra6 35. h4 Rd6 36. h5 Bd8 37. hxg6+ hxg6 38. Nc5 Ra7 39. a6 bxa6 40.
Rxa6 Rc7 41. Rc1 Be7 42. Nd3 Bf6 43. Ne5+ Bxe5 44. fxe5 Re6 45. Kf4 Kg7 46. d5
g5+ 47. Kxf5 1-0

[Event "Rennes op 03th"]
[Site "Rennes"]
[Date "2010.07.21"]
[Round "5.5"]
[White "Barbot, Pierre"]
[Black "Pytel, Krzysztof"]
[Result "1/2-1/2"]
[WhiteElo "2141"]
[BlackElo "2360"]
[PlyCount "106"]
[EventDate "2010.07.??"]
[EventType "swiss"]
[EventRounds "9"]
[EventCountry "FRA"]
[WhiteTeamCountry "FRA"]
[BlackTeamCountry "FRA"]

1. e4 d5 2. exd5 Qxd5 3. Nf3 Bg4 4. Be2 Nf6 5. d4 e6 6. Be3 Be7 7. O-O Nbd7 8.
c4 Qa5 9. Nc3 c6 10. a3 O-O 11. h3 Bh5 12. Bf4 h6 13. Qd2 Qb6 14. Rfd1 Rfe8 15.
b4 a6 16. Qb2 Bf8 17. Na4 Qa7 18. Nc5 b6 19. Nb3 a5 20. Nbd2 axb4 21. axb4 Qb7
22. g4 Bg6 23. Ne5 Nxe5 24. Bxe5 Ne4 25. Bf3 Nxd2 26. Qxd2 Rxa1 27. Rxa1 f6 28.
Bf4 e5 29. dxe5 fxe5 30. Be3 e4 31. Be2 c5 32. b5 Be7 33. Ra6 Rd8 34. Qa2 Bf6
35. Ra7 Qb8 36. Qa6 Bd4 37. Qb7 Qe5 38. Qc7 Rd6 39. Qe7 Re6 40. Qc7 Rd6 41. Qe7
Re6 42. Qc7 Bxe3 43. Qxe5 Bxf2+ 44. Kxf2 Rxe5 45. Ke3 Kf8 46. Rb7 Re6 47. h4
Bf7 48. g5 hxg5 49. hxg5 Bg6 50. Rb8+ Ke7 51. Rb7+ Kf8 52. Rb8+ Ke7 53. Rb7+
Kf8 1/2-1/2

[Event "Rennes op 03th"]
[Site "Rennes"]
[Date "2010.07.21"]
[Round "5.6"]
[White "Song, Julien"]
[Black "Auvray, Juliette"]
[Result "1-0"]
[WhiteElo "2347"]
[BlackElo "1990"]
[PlyCount "113"]
[EventDate "2010.07.??"]
[EventType "swiss"]
[EventRounds "9"]
[EventCountry "FRA"]
[WhiteTeamCountry "FRA"]
[BlackTeamCountry "FRA"]

1. d4 Nf6 2. c4 e6 3. Nf3 Bb4+ 4. Nbd2 b6 5. e3 Bb7 6. Bd3 O-O 7. O-O Bxd2 8.
Bxd2 d6 9. b3 Nbd7 10. Bc3 Qe7 11. Nd2 e5 12. d5 c6 13. dxc6 Bxc6 14. Qb1 h6
15. Rd1 d5 16. Bb2 Rad8 17. cxd5 Nxd5 18. Nc4 Rfe8 19. Bh7+ Kh8 20. Bf5 Qg5 21.
Bh3 Nc5 22. Qf5 Qxf5 23. Bxf5 f6 24. Bg6 Rf8 25. Rdc1 Be8 26. Bf5 g6 27. Bc2
Nb4 28. Ba3 Nxc2 29. Rxc2 Rf7 30. Bxc5 bxc5 31. Kf1 Bb5 32. Ke1 Rfd7 33. Rac1
Bc6 34. g3 Be4 35. Rd2 Bd5 36. Rcd1 Kg7 37. Nb2 Be6 38. Rxd7+ Rxd7 39. Rxd7+
Bxd7 40. Nd3 c4 41. bxc4 Be6 42. Nb2 f5 43. f4 e4 44. Kd2 Kf6 45. Kc3 g5 46.
Kd4 gxf4 47. gxf4 Kg6 48. Nd1 Kf6 49. Nc3 Kg6 50. Nd1 Kf6 51. a3 a6 52. Nc3 Kg6
53. c5 Kh5 54. c6 Kg4 55. Nd5 Kh3 56. Nb6 Kxh2 57. c7 1-0

[Event "Rennes op 03th"]
[Site "Rennes"]
[Date "2010.07.21"]
[Round "5.7"]
[White "Piankov, Evgenij"]
[Black "Schmouchkovitch, Michel"]
[Result "1/2-1/2"]
[WhiteElo "2324"]
[BlackElo "1979"]
[PlyCount "136"]
[EventDate "2010.07.??"]
[EventType "swiss"]
[EventRounds "9"]
[EventCountry "FRA"]
[WhiteTeamCountry "FRA"]
[BlackTeamCountry "FRA"]

1. d4 e6 2. g3 f5 3. Bg2 Nf6 4. Nd2 c5 5. c3 Nc6 6. Ngf3 d5 7. O-O Bd6 8. a3 a5
9. dxc5 Bxc5 10. b4 axb4 11. Nb3 Bd6 12. cxb4 O-O 13. Bb2 Qe7 14. Nfd4 Bd7 15.
Nxc6 Bxc6 16. Nd4 Ba4 17. Qd3 Bd7 18. f4 Rfc8 19. Rac1 Ne4 20. Nf3 Rc7 21. Rxc7
Bxc7 22. Bd4 Qe8 23. Qc2 Rc8 24. Qb2 Qe7 25. Ne5 Bxe5 26. Bxe5 Bb5 27. Ra1 Nd6
28. Bd4 Nc4 29. Qc3 Qd7 30. Bf1 Nb6 31. Qd2 Nc4 32. Qa2 Ra8 33. Qb3 Ba4 34. Qc3
Rc8 35. Rc1 Nd6 36. Qa1 Rxc1 37. Qxc1 Bb5 38. Qc5 Ne4 39. Qa7 Bc6 40. e3 b5 41.
Qb8+ Qe8 42. Qb6 Nd2 43. Be2 Nc4 44. Bxc4 dxc4 45. Kf2 Qd7 46. Qb8+ Qe8 47. Qe5
Qd7 48. Ke1 h6 49. Kd2 Bd5 50. Ke1 Kh7 51. Kf2 Qf7 52. Ke1 Qd7 53. Kd2 Qf7 54.
Kc3 Qd7 55. Qb8 Qb7 56. Qf8 Qd7 57. Kb2 Qb7 58. Be5 Qd7 59. Qb8 Be4 60. Bd4 Bc6
61. Kc3 Bd5 62. Be5 Be4 63. Qd6 Qa7 64. Qd2 Qxa3+ 65. Kd4 Qa7+ 66. Kc3 Qa3+ 67.
Kd4 Qa7+ 68. Kc3 Qa3+ 1/2-1/2

[Event "Rennes op 03th"]
[Site "Rennes"]
[Date "2010.07.21"]
[Round "5.8"]
[White "Auvray, Simon"]
[Black "Mancini, Mario"]
[Result "0-1"]
[WhiteElo "2048"]
[BlackElo "2256"]
[PlyCount "57"]
[EventDate "2010.07.??"]
[EventType "swiss"]
[EventRounds "9"]
[EventCountry "FRA"]
[WhiteTeamCountry "FRA"]
[BlackTeamCountry "FRA"]

1. e4 c5 2. Nf3 e6 3. d3 Nc6 4. Nbd2 g6 5. g3 Bg7 6. Bg2 Nge7 7. O-O O-O 8. c3
Rb8 9. Re1 d6 10. Nf1 Qb6 11. Rb1 Bxc3 12. Bd2 Bg7 13. Bc3 Nd4 14. Ne3 Bd7 15.
Qd2 Qa6 16. b4 Nec6 17. b5 Nxb5 18. Bxg7 Kxg7 19. Ng4 f6 20. Qh6+ Kg8 21. Nxf6+
Rxf6 22. Ng5 Rf7 23. Nxf7 Kxf7 24. Qxh7+ Ke8 25. Qxg6+ Kd8 26. h4 Ne5 27. Qf6+
Kc7 28. h5 Nd4 29. Rbd1 0-1

[Event "Rennes op 03th"]
[Site "Rennes"]
[Date "2010.07.21"]
[Round "5.9"]
[White "Daurelle, Herve"]
[Black "Civit, Pierre"]
[Result "1/2-1/2"]
[WhiteElo "2239"]
[BlackElo "1862"]
[PlyCount "42"]
[EventDate "2010.07.??"]
[EventType "swiss"]
[EventRounds "9"]
[EventCountry "FRA"]
[WhiteTeamCountry "FRA"]
[BlackTeamCountry "FRA"]

1. e4 e6 2. d4 d5 3. Nc3 Bb4 4. exd5 exd5 5. Bd3 Nc6 6. Nge2 Nge7 7. O-O O-O 8.
a3 Bd6 9. Nb5 Bf5 10. Nxd6 Qxd6 11. Bf4 Qd7 12. Re1 Bxd3 13. Qxd3 Rfe8 14. c3
Ng6 15. Bg3 Re7 16. Nf4 Rae8 17. Kf1 Na5 18. Rxe7 Rxe7 19. Re1 Nxf4 20. Rxe7
Qxe7 21. Bxf4 c6 1/2-1/2

[Event "Rennes op 03th"]
[Site "Rennes"]
[Date "2010.07.21"]
[Round "5.10"]
[White "Sanvoisin, Corentin"]
[Black "Platel, Alexandre"]
[Result "1/2-1/2"]
[WhiteElo "1889"]
[BlackElo "2237"]
[PlyCount "64"]
[EventDate "2010.07.??"]
[EventType "swiss"]
[EventRounds "9"]
[EventCountry "FRA"]
[WhiteTeamCountry "FRA"]
[BlackTeamCountry "FRA"]

1. e4 c5 2. Nf3 d6 3. d4 cxd4 4. Nxd4 Nf6 5. Nc3 a6 6. Be2 e6 7. Be3 Be7 8. O-O
Qc7 9. f4 Nc6 10. Bf3 Na5 11. Qd3 Bd7 12. Rae1 Rc8 13. Kh1 Nc4 14. Bc1 b5 15.
a3 h5 16. Nd1 g6 17. c3 e5 18. Nc2 exf4 19. Bxf4 Ne5 20. Bxe5 dxe5 21. Nde3 Be6
22. Nb4 Bxb4 23. axb4 Bc4 24. Nxc4 bxc4 25. Qc2 O-O 26. Qa4 Qb6 27. Ra1 Ra8 28.
Qa5 Qe6 29. Rfd1 g5 30. g3 Kg7 31. Qc5 Rfd8 32. Qc7 Rdc8 1/2-1/2

[Event "Rennes op 03th"]
[Site "Rennes"]
[Date "2010.07.21"]
[Round "6.1"]
[White "Spassov, Liuben"]
[Black "Karpatchev, Aleksandr"]
[Result "0-1"]
[WhiteElo "2376"]
[BlackElo "2476"]
[PlyCount "84"]
[EventDate "2010.07.??"]
[EventType "swiss"]
[EventRounds "9"]
[EventCountry "FRA"]
[WhiteTeamCountry "FRA"]
[BlackTeamCountry "FRA"]

1. d4 d5 2. c4 dxc4 3. Nf3 Nf6 4. e3 a6 5. Bxc4 e6 6. O-O b5 7. Bd3 Bb7 8. a4
b4 9. Qe2 c5 10. dxc5 Qc7 11. Nbd2 Nbd7 12. c6 Qxc6 13. Nb3 Nc5 14. Nxc5 Bxc5
15. b3 Nd5 16. Bb2 Nc3 17. Qc2 Be7 18. Rac1 Rc8 19. Bxc3 bxc3 20. Bc4 Bb4 21.
Rfd1 O-O 22. Rd4 Qc5 23. Rcd1 Bxf3 24. gxf3 a5 25. f4 Qh5 26. Bd3 g6 27. Be2
Qh4 28. Qe4 e5 29. Rc4 exf4 30. Qxf4 Qxf4 31. exf4 Rfd8 32. Kg2 Kg7 33. Rxd8
Rxd8 34. Kf3 Rd2 35. Ke3 Rb2 36. Bd1 Kf6 37. h3 Ke6 38. f5+ Kxf5 39. Rc7 Ke6
40. Be2 Kd6 41. Rc4 Bc5+ 42. Kf3 Rxb3 0-1

[Event "Rennes op 03th"]
[Site "Rennes"]
[Date "2010.07.21"]
[Round "6.2"]
[White "Milchev, Nikolay"]
[Black "Colin, Vincent"]
[Result "1-0"]
[WhiteElo "2360"]
[BlackElo "2425"]
[PlyCount "55"]
[EventDate "2010.07.??"]
[EventType "swiss"]
[EventRounds "9"]
[EventCountry "FRA"]
[WhiteTeamCountry "FRA"]
[BlackTeamCountry "FRA"]

1. d4 Nf6 2. Nf3 e6 3. g3 b5 4. Bg2 Bb7 5. O-O c5 6. a4 b4 7. c3 Na6 8. Nbd2
cxd4 9. cxd4 Rc8 10. Nb3 Be7 11. Bg5 Be4 12. Ne1 Bxg2 13. Nxg2 O-O 14. Qd3 Qb6
15. e4 h6 16. Bxf6 Bxf6 17. Ne3 Nb8 18. Rfc1 d6 19. f4 Nc6 20. a5 Nxa5 21. Rxc8
Rxc8 22. Rxa5 Bxd4 23. Qxd4 Rc1+ 24. Kf2 Rb1 25. Qxb6 Rxb2+ 26. Ke1 axb6 27.
Ra8+ Kh7 28. Nd2 1-0

[Event "Rennes op 03th"]
[Site "Rennes"]
[Date "2010.07.21"]
[Round "6.3"]
[White "Mancini, Mario"]
[Black "Song, Julien"]
[Result "0-1"]
[WhiteElo "2256"]
[BlackElo "2347"]
[PlyCount "116"]
[EventDate "2010.07.??"]
[EventType "swiss"]
[EventRounds "9"]
[EventCountry "FRA"]
[WhiteTeamCountry "FRA"]
[BlackTeamCountry "FRA"]

1. d4 Nf6 2. c4 g6 3. g3 Bg7 4. Bg2 O-O 5. Nc3 d6 6. Nf3 Nbd7 7. O-O e5 8. e4
c6 9. h3 Qa5 10. Be3 Nb6 11. dxe5 dxe5 12. Qd3 Be6 13. b3 h6 14. Rad1 Nbd7 15.
Qc2 Qc7 16. Ne1 Rfe8 17. Nd3 Nh5 18. Qe2 Rad8 19. Rc1 b6 20. Rfd1 Nf8 21. Nb4
Bc8 22. Rxd8 Rxd8 23. Rd1 Rxd1+ 24. Qxd1 Ne6 25. Nc2 Qd7 26. Qxd7 Bxd7 27. Ne2
Bf8 28. Kf1 Kg7 29. Ke1 Bc5 30. Kd2 Kf6 31. Bxc5 Nxc5 32. Ke3 Ke7 33. Nc3 a5
34. Ne1 Ng7 35. Nd3 Nxd3 36. Kxd3 Ne6 37. Ke3 Kd6 38. f4 Nc5 39. h4 f6 40. Bf3
Be6 41. Be2 Bd7 42. Bf1 Bg4 43. Bd3 Ke6 44. Be2 Bxe2 45. Kxe2 exf4 46. gxf4 g5
47. fxg5 fxg5 48. hxg5 hxg5 49. Ke3 Ke5 50. a3 Nxb3 51. Na4 b5 52. cxb5 cxb5
53. Nc3 Nd4 54. Nd5 Nc2+ 55. Kd3 Nxa3 56. Ne7 Nc4 57. Nc6+ Kd6 58. Nd8 Ne5+ 0-1

[Event "Rennes op 03th"]
[Site "Rennes"]
[Date "2010.07.21"]
[Round "6.4"]
[White "Bratanov, Zsivko"]
[Black "Okhotnik, Vladimir"]
[Result "1/2-1/2"]
[WhiteElo "2480"]
[BlackElo "2467"]
[PlyCount "116"]
[EventDate "2010.07.??"]
[EventType "swiss"]
[EventRounds "9"]
[EventCountry "FRA"]
[WhiteTeamCountry "FRA"]
[BlackTeamCountry "FRA"]

1. d4 Nf6 2. Nf3 g6 3. Bg5 Bg7 4. Nbd2 d5 5. e3 O-O 6. Be2 Nbd7 7. O-O c5 8. c3
b6 9. Bh4 Bb7 10. b4 Ne4 11. Nxe4 dxe4 12. Nd2 cxd4 13. cxd4 Bf6 14. Bg3 e5 15.
d5 Bxd5 16. Nc4 Be6 17. Nd6 Be7 18. Qd2 h5 19. h3 a5 20. Rfd1 h4 21. Bh2 axb4
22. Bc4 Bxc4 23. Nxc4 Nc5 24. Qxb4 Rxa2 25. Nxe5 Rxa1 26. Rxa1 Bf6 27. Rb1 Qd5
28. Nc4 Nd3 29. Qxb6 Qf5 30. Rf1 Rd8 31. Bc7 Rd7 32. Nd6 Qe6 33. Nxe4 Qxb6 34.
Bxb6 Bg7 35. Rd1 f5 36. Ng5 Bf6 37. Nf3 Ne5 38. Rxd7 Nxd7 39. Bd4 Bd8 40. Kf1
g5 41. Ke2 Nf8 42. Kd3 Ne6 43. Kc4 g4 44. Ng1 Kf7 45. Kd5 Bc7 46. Be5 Bb6 47.
Bd6 Kf6 48. Be5+ Kf7 49. Bb2 g3 50. fxg3 Bxe3 51. Nf3 hxg3 52. Ne5+ Ke7 53.
Ng6+ Kf7 54. Nh8+ Kg8 55. Kxe6 f4 56. Be5 f3 57. gxf3 g2 58. Bh2 Kxh8 1/2-1/2

[Event "Rennes op 03th"]
[Site "Rennes"]
[Date "2010.07.21"]
[Round "6.5"]
[White "Lejarre, Ludovic"]
[Black "Barbot, Pierre"]
[Result "1-0"]
[WhiteElo "2385"]
[BlackElo "2141"]
[PlyCount "95"]
[EventDate "2010.07.??"]
[EventType "swiss"]
[EventRounds "9"]
[EventCountry "FRA"]
[WhiteTeamCountry "FRA"]
[BlackTeamCountry "FRA"]

1. e4 c5 2. Nc3 Nc6 3. Nf3 d6 4. d4 cxd4 5. Nxd4 Nf6 6. Bg5 e6 7. Qd2 a6 8.
O-O-O Bd7 9. f3 b5 10. Nxc6 Bxc6 11. Ne2 Be7 12. Nd4 Bb7 13. h4 h5 14. Kb1 Rc8
15. Bd3 Qb6 16. Rhe1 Nd7 17. Bxe7 Kxe7 18. Qg5+ Kf8 19. Bf1 Qc5 20. Qd2 Ke7 21.
Nb3 Qc7 22. Qg5+ Kf8 23. Rc1 Ne5 24. Qg3 Nc4 25. c3 d5 26. e5 a5 27. Bxc4 dxc4
28. Nd4 b4 29. Nb5 Qd7 30. Nd6 Bd5 31. Nxc8 Qxc8 32. Qf2 Qc7 33. Qe3 g6 34. Qf4
Kg7 35. Qf6+ Kh7 36. g4 Kg8 37. Rg1 hxg4 38. Rxg4 Qb7 39. Rg3 Rh6 40. h5 Kh7
41. Rh1 Kg8 42. Qd8+ Kg7 43. Ka1 a4 44. Rh2 bxc3 45. bxc3 Be4 46. Qf6+ Kg8 47.
fxe4 Qxe4 48. Rb2 1-0